| 000 | 00449nam a22001577a 4500 | ||
|---|---|---|---|
| 020 | _a9788131803226 | ||
| 050 |
_aQP501 _b.C43 2008 |
||
| 100 |
_aChauhan, B.S. _cDr |
||
| 245 |
_aPrinciples of biochemistry and biophysics _cDr B.S. Chauhan |
||
| 250 | _a1st ed. | ||
| 260 |
_aNew Delhi _bLaxmi Publications _c2008 |
||
| 300 | _axii, 829 pgs. | ||
| 500 | _aIncludes appendices and index | ||
| 650 |
_bBiochemistry ; _bBiophysics ; _bChemistry |
||
| 942 | _cGEN | ||
| 999 |
_c46 _d46 |
||